|
|
|
|
| LEADER |
00000nam a2200000 a 4500 |
| 001 |
vtls009484069 |
| 003 |
SK-MaSNL |
| 005 |
20260301082116.0 |
| 008 |
090317s2008 xo a a 000 0 cze |
| 015 |
|
|
|a SNBA2009/04-01776
|
| 020 |
|
|
|a 9788089242887 (viaz.)
|
| 040 |
|
|
|a SNK
|b slo
|c SNK
|e AACR2
|
| 041 |
1 |
|
|a cze
|h und
|
| 044 |
|
|
|a xo
|c SK
|
| 072 |
|
7 |
|a 821-93
|x Literatúra pre deti a mládež
|2 konspekt
|
| 080 |
|
|
|a 821-93
|2 2001
|
| 245 |
0 |
0 |
|a Moje malá knížka o dinosaurech
|c překlad: Tomáš Novotný
|
| 250 |
|
|
|a 1. vyd.
|
| 260 |
|
|
|a Bratislava
|b Slovart Print
|c 2008
|
| 300 |
|
|
|a [24] s.
|b ilustr.
|c 17 cm
|
| 500 |
|
|
|a Kartónové listy
|
| 655 |
|
7 |
|a publikácie pre deti
|2 SNKPH
|9 70148
|
| 700 |
1 |
|
|a Novotný, Tomáš,
|d 1961-
|4 trl
|9 314502
|
| 919 |
|
|
|a 978-80-89242-88-7
|
| 958 |
|
|
|a DB
|
| 958 |
|
|
|a UP
|
| 958 |
|
|
|a CZ
|
| 968 |
|
|
|a Čes
|b LANGUES DIVERSES
|d 0
|
| 999 |
|
|
|c 657703
|d 659633
|
| 952 |
|
|
|a SNK
|b SNK
|y PREZ
|7 0
|p 17A0624768
|o snkOSD 9246 D1
|i snk2009/11809
|8 0
|0 0
|1 0
|4 0
|d 2009-06-26
|l 0
|r 2026-02-23 18:43:11
|w 2026-02-23
|
| 952 |
|
|
|a SNK
|b SNK
|y PREZ
|7 0
|p 17A0610926
|o snkOSD 9246
|i snk2009/5492
|8 0
|0 0
|1 0
|4 0
|d 2009-03-17
|l 0
|r 2026-02-23 18:43:11
|w 2026-02-23
|